[Event "Tehran zt 3.1"]
[Site "Tehran"]
[Date "2023.05.24"]
[Round "2"]
[White "Tahmasebi, Hamid Reza"]
[Black "Altorky, Amer"]
[Result "1-0"]
[WhiteElo "2171"]
[BlackElo "2051"]
[PlyCount "105"]
[EventDate "2023.05.23"]
[EventType "swiss"]
[EventRounds "9"]
[EventCountry "IRI"]
[SourceTitle "CBM 214 Extra"]
[Source "ChessBase"]
[SourceDate "2023.07.31"]
[SourceVersion "1"]
[SourceVersionDate "2023.07.31"]
[SourceQuality "1"]

1. e4 c5 2. Nf3 a6 3. c4 e6 4. Nc3 Qc7 5. g3 Nc6 6. Bg2 g6 7. d4 cxd4 8. Nxd4 Bg7 9. Nde2 Nge7 10. 0-0 0-0 11. Be3 Ne5 12. b3 d6 13. h3 Rb8 14. Rc1 b6 15. Qd2 Rd8 16. Rfd1 N5c6 17. a4 Na5 18. Qa2 Nec6 19. Qa3 Qe7 20. Na2 Qc7 21. f4 Nb7 22. Nac3 Nca5 23. Qa2 Bd7 24. Kh2 Be8 25. Nd4 Nc6 26. Nxc6 Qxc6 27. Ne2 Qc7 28. Rd2 Nc5 29. Nd4 e5 30. Ne2 Bc6 31. Qb1 Qb7 32. Nc3 exf4 33. Bxf4 Bxc3 34. Rxc3 Bxe4 35. Qa1 Bxg2 36. Rxg2 Ne4 37. Re3 g5 38. Rge2 f5 39. Bxg5 Rd7 40. Bh6 d5 41. Qe5 Qc7 42. Qxc7 Rxc7 43. Bf4 Rbc8 44. Bxc7 Rxc7 45. cxd5 Rd7 46. g4 Rxd5 47. gxf5 Nc5 48. Rf2 Kf7 49. f6 Ne6 50. Rc3 b5 51. Rc6 bxa4 52. bxa4 a5 53. Rxe6 1-0

[Event "Olympiad-44"]
[Site "Chennai"]
[Date "2022.08.03"]
[Round "6.2"]
[White "Altorky, Amer"]
[Black "Lazov, Toni"]
[Result "0-1"]
[WhiteElo "2040"]
[BlackElo "2374"]
[PlyCount "76"]
[EventDate "2022.07.29"]
[EventType "team-swiss"]
[EventRounds "11"]
[EventCountry "IND"]
[SourceTitle "CBM 210"]
[Source "ChessBase"]
[SourceDate "2022.10.31"]
[SourceVersion "1"]
[SourceVersionDate "2022.10.31"]
[SourceQuality "1"]
[WhiteTeam "Syria"]
[BlackTeam "North Macedonia"]
[WhiteTeamCountry "SYR"]
[BlackTeamCountry "MKD"]

1. e4 c5 2. Nc3 Nc6 3. g3 g6 4. Bg2 Bg7 5. d3 Rb8 6. f4 b5 7. e5 Nh6 8. Be3 Nd4 9. Nf3 Nhf5 10. Bf2 0-0 11. 0-0 d6 12. Re1 b4 13. Ne4 Nxf3+ 14. Bxf3 dxe5 15. fxe5 Bxe5 16. c3 bxc3 17. bxc3 Qa5 18. Rc1 Bd6 19. g4 Ng7 20. Nxd6 exd6 21. Bh4 Be6 22. Be7 Rfe8 23. Bxd6 Rb2 24. Be5 Rxa2 25. Rb1 Qd8 26. d4 Qg5 27. Bxg7 Kxg7 28. Re5 Qf4 29. Be2 Rd2 30. Qf1 Qxf1+ 31. Bxf1 cxd4 32. cxd4 Rxd4 33. Rb7 Rxg4+ 34. Kf2 Rf4+ 35. Kg2 Bh3+ 36. Kg3 Rxe5 37. Bxh3 Ra4 38. Bd7 Re7 0-1

[Event "Olympiad-44"]
[Site "Chennai"]
[Date "2022.08.02"]
[Round "5.2"]
[White "Ibarra Chami, Luis Fernando"]
[Black "Altorky, Amer"]
[Result "1-0"]
[WhiteElo "2452"]
[BlackElo "2040"]
[PlyCount "49"]
[EventDate "2022.07.29"]
[EventType "team-swiss"]
[EventRounds "11"]
[EventCountry "IND"]
[SourceTitle "CBM 210"]
[Source "ChessBase"]
[SourceDate "2022.10.31"]
[SourceVersion "1"]
[SourceVersionDate "2022.10.31"]
[SourceQuality "1"]
[WhiteTeam "Mexico"]
[BlackTeam "Syria"]
[WhiteTeamCountry "MEX"]
[BlackTeamCountry "SYR"]

1. e4 c5 2. Nf3 a6 3. c4 e6 4. Nc3 Qc7 5. d4 cxd4 6. Nxd4 Nf6 7. Qd3 Nc6 8. Nxc6 dxc6 9. Be2 Be7 10. f4 e5 11. 0-0 0-0 12. Kh1 Rd8 13. Qg3 exf4 14. Bxf4 Qd7 15. Na4 Nxe4 16. Qf3 Qe6 17. Nb6 g5 18. Nxa8 gxf4 19. Qxf4 Rd2 20. Bf3 Bd6 21. Qxe4 Qh6 22. h4 Bh3 23. gxh3 Rh2+ 24. Kg1 Qd2 25. Bg2 1-0

[Event "Olympiad-44"]
[Site "Chennai"]
[Date "2022.07.29"]
[Round "1.2"]
[White "Piorun, Kacper"]
[Black "Altorky, Amer"]
[Result "1-0"]
[WhiteElo "2636"]
[BlackElo "2040"]
[PlyCount "79"]
[EventDate "2022.07.29"]
[EventType "team-swiss"]
[EventRounds "11"]
[EventCountry "IND"]
[SourceTitle "CBM 210"]
[Source "ChessBase"]
[SourceDate "2022.10.31"]
[SourceVersion "1"]
[SourceVersionDate "2022.10.31"]
[SourceQuality "1"]
[WhiteTeam "Poland"]
[BlackTeam "Syria"]
[WhiteTeamCountry "POL"]
[BlackTeamCountry "SYR"]

1. e4 d5 2. exd5 Qxd5 3. Nc3 Qd6 4. d4 Nf6 5. Nf3 c6 6. g3 Bg4 7. Bg2 e6 8. 0-0 Be7 9. Bf4 Qd8 10. h3 Bh5 11. Ne2 Nbd7 12. c4 0-0 13. Nc3 h6 14. Qe2 Re8 15. Rad1 Qa5 16. g4 Bg6 17. a3 Rad8 18. Rfe1 Bh7 19. Bg3 Bf8 20. Qe3 Rc8 21. Ne5 Rcd8 22. Nf3 c5 23. Nb5 Rc8 24. dxc5 Bxc5 25. Qe2 Qa4 26. b4 Be7 27. g5 hxg5 28. Nxg5 Qc2 29. Nxh7 Qxh7 30. Bxb7 Nb6 31. Bxc8 Rxc8 32. c5 Nbd5 33. Nxa7 Ra8 34. Nc6 Qxh3 35. Qf3 Bf8 36. Rd4 g5 37. Ne5 Bg7 38. c6 Ra7 39. b5 Nf4 40. Bxf4 1-0

[Event "SYR-ch"]
[Site "Damascus"]
[Date "2019.04.27"]
[Round "10"]
[White "Koniahli, Malek"]
[Black "Altorky, Amer"]
[Result "1-0"]
[WhiteElo "2299"]
[BlackElo "1995"]
[PlyCount "97"]
[EventDate "2019.04.22"]
[EventType "tourn"]
[EventRounds "11"]
[EventCountry "SYR"]
[SourceTitle "CBM 190 Extra"]
[Source "ChessBase"]
[SourceDate "2019.07.15"]
[SourceVersion "1"]
[SourceVersionDate "2019.07.15"]
[SourceQuality "1"]

1. c4 Nf6 2. g3 e5 3. Bg2 d5 4. cxd5 Nxd5 5. Nf3 Nc6 6. 0-0 Be7 7. d4 e4 8. Ne5 Nxe5 9. dxe5 Bf5 10. Bxe4 Bxe4 11. Qa4+ Qd7 12. Qxe4 Qe6 13. Nc3 Nxc3 14. bxc3 c6 15. Be3 0-0 16. Rfd1 f6 17. Qb1 fxe5 18. Qb3 Qxb3 19. axb3 Rfd8 20. Rxd8+ Bxd8 21. Rxa7 Rxa7 22. Bxa7 Kf7 23. Kg2 Ke6 24. Kf3 Bc7 25. Be3 g6 26. Ke4 Bd6 27. c4 Bc7 28. Bd2 Bb6 29. f3 Bc5 30. g4 Be7 31. h3 Bd8 32. Bc3 Bc7 33. b4 b5 34. cxb5 cxb5 35. Bd2 Bd6 36. Be1 Be7 37. e3 g5 38. f4 exf4 39. exf4 gxf4 40. Kxf4 Bf6 41. h4 Be7 42. g5 Bd6+ 43. Ke4 Be5 44. Bd2 Bg3 45. h5 Be5 46. h6 Bb2 47. Be3 Bc3 48. Bd4 Bxd4 49. Kxd4 1-0

[Event "SYR-ch"]
[Site "Damascus"]
[Date "2019.04.25"]
[Round "6"]
[White "Gnaam, Koteba"]
[Black "Altorky, Amer"]
[Result "1-0"]
[WhiteElo "2039"]
[BlackElo "1995"]
[PlyCount "117"]
[EventDate "2019.04.22"]
[EventType "tourn"]
[EventRounds "11"]
[EventCountry "SYR"]
[SourceTitle "CBM 190 Extra"]
[Source "ChessBase"]
[SourceDate "2019.07.15"]
[SourceVersion "1"]
[SourceVersionDate "2019.07.15"]
[SourceQuality "1"]

1. e4 c5 2. Nf3 a6 3. d4 cxd4 4. Nxd4 Nf6 5. Nc3 e5 6. Nf3 Nc6 7. Bc4 Bb4 8. 0-0 h6 9. Nd5 Bc5 10. b4 Ba7 11. Qe2 d6 12. c3 0-0 13. h3 Nxd5 14. Bxd5 Be6 15. Bxe6 fxe6 16. Be3 Rc8 17. Bxa7 Nxa7 18. Rfc1 Qb6 19. a4 Rf4 20. Ne1 Nc6 21. Nd3 Rf7 22. Qa2 Nd8 23. a5 Qc6 24. f3 Qc4 25. Qxc4 Rxc4 26. Nb2 Rc6 27. Na4 Rfc7 28. Rd1 Kf8 29. Rd3 Ke7 30. Rad1 Nf7 31. Kf2 Rc4 32. Ke3 R4c6 33. Kd2 d5 34. exd5 exd5 35. Rxd5 Nd6 36. Rxe5+ Kf6 37. Ree1 Nc4+ 38. Kc2 g5 39. Kb3 h5 40. g3 Ne5 41. f4 gxf4 42. gxf4 Nc4 43. Rd5 h4 44. Rh5 Kg6 45. Rxh4 Kf5 46. Re2 Rd6 47. Nc5 Nd2+ 48. Kc2 Nf3 49. Rh8 Rf6 50. Rhe8 Rff7 51. Kb3 Rh7 52. Rf8+ Rcf7 53. Rxf7+ Rxf7 54. Re6 Nd2+ 55. Kc2 Nc4 56. Kd3 Nb2+ 57. Kd4 Rh7 58. Re2 Nd1 59. Rd2 1-0

[Event "SYR-ch"]
[Site "Damascus"]
[Date "2019.04.22"]
[Round "1"]
[White "Khaddour, Ismael"]
[Black "Altorky, Amer"]
[Result "1/2-1/2"]
[WhiteElo "2038"]
[BlackElo "1995"]
[PlyCount "66"]
[EventDate "2019.04.22"]
[EventType "tourn"]
[EventRounds "11"]
[EventCountry "SYR"]
[SourceTitle "CBM 190 Extra"]
[Source "ChessBase"]
[SourceDate "2019.07.15"]
[SourceVersion "1"]
[SourceVersionDate "2019.07.15"]
[SourceQuality "1"]

1. e4 d5 2. exd5 Qxd5 3. Nc3 Qd6 4. d4 Nf6 5. Nf3 c6 6. Be2 Bf5 7. h3 Nbd7 8. Be3 e6 9. Qd2 Qc7 10. Bd3 Bxd3 11. Qxd3 Rd8 12. 0-0 Be7 13. Ne4 0-0 14. c3 b5 15. Nxf6+ Nxf6 16. a4 a6 17. axb5 axb5 18. c4 b4 19. Qc2 Ra8 20. b3 Qb7 21. Ne5 Rxa1 22. Rxa1 Ra8 23. Ra2 Ra3 24. Bc1 Ra6 25. Nd3 Ne4 26. Rxa6 Qxa6 27. Nxb4 Bxb4 28. Qxe4 Qa1 29. Qf4 e5 30. dxe5 Ba3 31. e6 fxe6 32. Qb8+ Bf8 33. Qf4 Ba3 1/2-1/2

[Event "Beirut op 9th"]
[Site "Beirut"]
[Date "2017.10.07"]
[Round "9"]
[White "Mohannad, Farhan"]
[Black "Altorky, Amer"]
[Result "1-0"]
[WhiteElo "2243"]
[BlackElo "1940"]
[PlyCount "103"]
[EventDate "2017.09.30"]
[EventType "swiss"]
[EventRounds "9"]
[EventCountry "LBN"]
[SourceTitle "CBM 181 Extra"]
[Source "ChessBase"]
[SourceDate "2017.12.12"]
[SourceVersion "1"]
[SourceVersionDate "2017.12.12"]
[SourceQuality "1"]

1. d4 Nf6 2. g3 g6 3. Bg2 Bg7 4. e4 d6 5. Nc3 0-0 6. Nge2 e5 7. h3 Nc6 8. Be3 exd4 9. Nxd4 Bd7 10. 0-0 Re8 11. Re1 a6 12. Nxc6 Bxc6 13. Bd4 Qd7 14. Qd2 b5 15. Nd5 Bxd5 16. exd5 Nh5 17. Bxg7 Nxg7 18. Qa5 Reb8 19. Re4 Qd8 20. Rae1 c5 21. Qd2 Qf6 22. b3 Re8 23. Rxe8+ Nxe8 24. Qa5 Qd8 25. Qxd8 Rxd8 26. Re7 Ra8 27. Rb7 Kf8 28. a4 bxa4 29. bxa4 Nf6 30. a5 Ke8 31. h4 Nd7 32. Bh3 Ne5 33. Bf1 Nf3+ 34. Kh1 Nd2 35. Be2 Ne4 36. Kg2 Nf6 37. Bc4 Nd7 38. Bb3 Ne5 39. f4 Ng4 40. Kf3 h5 41. Ba4+ Kf8 42. Bc6 f5 43. Rh7 Rd8 44. Ra7 Rb8 45. Rb7 Rxb7 46. Bxb7 Nf6 47. Bxa6 Nxd5 48. Bb7 Nc7 49. c4 d5 50. a6 dxc4 51. a7 c3 52. Ke2 1-0

[Event "Beirut op 9th"]
[Site "Beirut"]
[Date "2017.10.06"]
[Round "8"]
[White "Altorky, Amer"]
[Black "Pruijssers, Roeland"]
[Result "0-1"]
[WhiteElo "1940"]
[BlackElo "2512"]
[PlyCount "116"]
[EventDate "2017.09.30"]
[EventType "swiss"]
[EventRounds "9"]
[EventCountry "LBN"]
[SourceTitle "CBM 181 Extra"]
[Source "ChessBase"]
[SourceDate "2017.12.12"]
[SourceVersion "1"]
[SourceVersionDate "2017.12.12"]
[SourceQuality "1"]

1. e4 e5 2. Nf3 Nc6 3. d4 exd4 4. Nxd4 Nf6 5. Nxc6 bxc6 6. e5 Qe7 7. Qe2 Nd5 8. c4 Nb6 9. Nc3 Qe6 10. Qe4 g6 11. Be2 Bg7 12. f4 0-0 13. 0-0 f5 14. Qf3 Nxc4 15. b3 Nb6 16. Ba3 d5 17. Bxf8 Bxf8 18. Rac1 Qf7 19. Rfd1 Be6 20. Qf2 a6 21. Nb1 Bd7 22. Nd2 Qe7 23. Nf3 c5 24. Re1 a5 25. Bd3 a4 26. Qg3 Be6 27. Ng5 Bc8 28. h4 axb3 29. axb3 Ra3 30. Bc2 c4 31. Ra1 d4 32. Nf3 d3 33. Rxa3 dxc2 34. Raa1 cxb3 35. Nd4 Qc5 36. Qxb3+ Nd5 37. Qxc2 Qxd4+ 38. Kh2 Qxf4+ 39. g3 Qf3 40. Qg2 Qxg2+ 41. Kxg2 Kf7 42. Kh2 Bg7 43. Ra5 Ke6 44. Ra8 Bd7 45. Rg8 Bxe5 46. h5 gxh5 47. Kh3 Nf6 48. Rf8 Ne4 49. Rg8 Kf7 50. Rd8 Ke7 51. Ra8 Ng5+ 52. Kg2 Bc6+ 53. Kf2 Ne4+ 54. Rxe4 Bxe4 55. Ra5 Kf6 56. Rb5 c5 57. Ke2 c4 58. Rc5 c3 0-1

[Event "Beirut op 9th"]
[Site "Beirut"]
[Date "2017.10.03"]
[Round "5"]
[White "Altorky, Amer"]
[Black "Gevorgyan, Maria"]
[Result "1-0"]
[WhiteElo "1940"]
[BlackElo "2262"]
[PlyCount "65"]
[EventDate "2017.09.30"]
[EventType "swiss"]
[EventRounds "9"]
[EventCountry "LBN"]
[SourceTitle "CBM 181 Extra"]
[Source "ChessBase"]
[SourceDate "2017.12.12"]
[SourceVersion "1"]
[SourceVersionDate "2017.12.12"]
[SourceQuality "1"]

1. e4 e5 2. Nf3 Nf6 3. Nxe5 d6 4. Nf3 Nxe4 5. d3 Nf6 6. d4 d5 7. Bd3 Bd6 8. h3 0-0 9. 0-0 h6 10. Nc3 c6 11. Ne5 c5 12. Nb5 cxd4 13. Nxd6 Qxd6 14. Bf4 Re8 15. Re1 Qb6 16. Qd2 Bd7 17. Bxh6 gxh6 18. Qxh6 Ne4 19. Qh5 Qf6 20. Bxe4 dxe4 21. Rxe4 Be6 22. Ng4 Qg7 23. Nh6+ Kf8 24. Qc5+ Re7 25. Nf5 Qf6 26. Nxe7 Qxe7 27. Qxd4 Ke8 28. Rh4 Nd7 29. Rh8+ Nf8 30. Rd1 a6 31. a4 Rc8 32. a5 Rxc2 33. Rxf8+ 1-0

[Event "Beirut op 9th"]
[Site "Beirut"]
[Date "2017.10.01"]
[Round "3"]
[White "Iaali, Abdelrahman"]
[Black "Altorky, Amer"]
[Result "0-1"]
[WhiteElo "1670"]
[BlackElo "1940"]
[PlyCount "62"]
[EventDate "2017.09.30"]
[EventType "swiss"]
[EventRounds "9"]
[EventCountry "LBN"]
[SourceTitle "CBM 181 Extra"]
[Source "ChessBase"]
[SourceDate "2017.12.12"]
[SourceVersion "1"]
[SourceVersionDate "2017.12.12"]
[SourceQuality "1"]

1. e4 c5 2. Nf3 a6 3. a4 e6 4. c3 d5 5. e5 Nc6 6. d4 Qb6 7. Bd3 cxd4 8. cxd4 Nb4 9. 0-0 Nxd3 10. Qxd3 Ne7 11. a5 Qd8 12. Bd2 Bd7 13. Qb3 Bb5 14. Rc1 Qd7 15. Na3 Be2 16. Qe3 Bxf3 17. Qxf3 Nc6 18. Qd3 Be7 19. Rab1 0-0 20. b4 f6 21. f4 Rac8 22. Rb3 fxe5 23. fxe5 Nxb4 24. Qb1 Rxc1+ 25. Bxc1 Qa4 26. Bd2 Nc6 27. Nc2 Nxd4 28. Rxb7 Nxc2 29. Rxe7 Qd4+ 30. Kh1 Qxd2 31. Rxe6 Ne3 0-1